Theoretical astrophysics (Record no. 18866)

MARC details
000 -LEADER
fixed length control field 00541nam a2200193Ia 4500
003 - CONTROL NUMBER IDENTIFIER
control field IN-BaIIA
008 - FIXED-LENGTH DATA ELEMENTS--GENERAL INFORMATION
fixed length control field 211028s9999 xx 000 0 eng d
020 ## - INTERNATIONAL STANDARD BOOK NUMBER
International Standard Book Number 978-3-527-41004-0
040 ## - CATALOGING SOURCE
Transcribing agency IIA Library
080 ## - UNIVERSAL DECIMAL CLASSIFICATION NUMBER
Universal Decimal Classification number 524
Item number BAR
100 ## - MAIN ENTRY--PERSONAL NAME
Personal name Bartelmann, Matthias
9 (RLIN) 36072
245 #0 - TITLE STATEMENT
Title Theoretical astrophysics
Remainder of title an introduction
Statement of responsibility, etc. Matthias Bartelmann
260 ## - PUBLICATION, DISTRIBUTION, ETC.
Place of publication, distribution, etc. Weinheim
Name of publisher, distributor, etc. Wiley-VCH Verlag Gmbh
Date of publication, distribution, etc. 2013
300 ## - PHYSICAL DESCRIPTION
Extent xx, 320p.
490 ## - SERIES STATEMENT
Series statement Physics textbook
650 ## - SUBJECT ADDED ENTRY--TOPICAL TERM
Topical term or geographic name entry element Astrophysic
9 (RLIN) 14955
650 ## - SUBJECT ADDED ENTRY--TOPICAL TERM
Topical term or geographic name entry element Astrophysic
9 (RLIN) 14955
942 ## - ADDED ENTRY ELEMENTS (KOHA)
Koha item type Books
Holdings
Withdrawn status Lost status Damaged status Not for loan Home library Current library Shelving location Date acquired Source of acquisition Cost, normal purchase price Total Checkouts Full call number Barcode Date last seen Date last checked out Cost, replacement price Price effective from Koha item type Purchase Price
        IIA Library-Bangalore IIA Library-Bangalore General Stacks 14/03/2014 BBI 5804.00 1 524/ BAR 19788 03/04/2025 24/02/2025 5804.00 14/03/2014 Books Rs. 5804.00

Powered by Koha